Psicología positiva: la ciencia de la felicidad

محفوظ في:
التفاصيل البيبلوغرافية
المؤلف الرئيسي: Carr, Alan (مؤلف)
التنسيق: كتاب
اللغة:الإسبانية
منشور في: Barcelona Paidós Ibérica 2007
سلاسل:Psicología. Psiquiatría. Psicoterapia, 236
الموضوعات:
الوسوم: إضافة وسم
لا توجد وسوم, كن أول من يضع وسما على هذه التسجيلة!

MARC

LEADER 00000nam a2200000 a 4500
001 UCG2207
003 CL-VaPUC
008 100624e20070000SP |||||||||||||||||spa|d
020 |a 9788449320484 
082 0 4 |a 150.198  |b CAR  |2 21 
100 0 |a Carr, Alan  |e author  |9 550592 
245 1 0 |a Psicología positiva: la ciencia de la felicidad 
300 |a 479 p 
942 |c BK 
945 |d 20100624 00:00:00  |a dcastane 
260 |a Barcelona  |b Paidós Ibérica  |c 2007 
650 7 |a PSICOLOGIA POSITIVA  |2 CL-VaPUC  |9 538301 
650 0 |a Personalidad   |9 307255 
650 0 |a Psicología clínica  |9 307259 
650 0 |a Felicidad  |9 257029 
650 0 |a Esperanza  |9 314979 
650 7 |a OPTIMISMO  |2 CL-VaPUC  |9 476646 
650 0 |a Autoestima  |9 308492 
583 |a last modification  |c 20100624 00:00:00  |k Rodrigo Vera 
490 0 |a Psicología. Psiquiatría. Psicoterapia, 236 
999 |c 341436  |d 341434 
952 |0 0  |1 0  |4 0  |6 150_198000000000000_CAR_2007  |7 0  |8 A  |9 436943  |a BIBEDU  |b BIBEDU  |d 2019-11-22  |i 4690958  |o 150.198 CAR 2007  |p 4690958  |r 2019-11-22  |w 2019-11-22  |y BK  |k PSI